000 00625nam a2200217Ia 4500
003 OSt
005 20250903160110.0
008 220923b |||||||| |||| 00| 0 eng d
037 _cReference
040 _aRTL
_cRTL
_beng
041 _2eng
_aeng
084 _aPv K6/SC
_qRTL
100 _aChomsky, Noam
_914318
245 0 _aCartesian linguistics
260 _aNew York
_bHarperl Row
_c1966
300 _axi, 119 p.
_bIncludes bibliographical reference and index
650 _aGenerative grammar
_9819993
650 _aLinguistics
942 _hPv K6/SC
_cREF
_2CC
_n0
999 _c625441
_d625441